000 01414nam a22003617a 4500
003 CHAP
005 20220329143404.0
008 090216s2008 mx ab r 00010 spa d
010 _a95866
011 _a96838
035 _a107495
040 _cCHAP
090 _aTesis
100 1 _aSánchez Vidaña, Adriana Elizabeth.
_9107917
245 1 0 _aAplicación de la NOM - 083 - SEMARNAT - 2003 en la ubicación de sitios óptimos para relleno sanitario en el municipio de Texcoco, Edo. de Méx.
_c/por Adriana Elizabeth Sanchez Viaña
260 _aChapingo, Méx. :
_bEl autor,
_c2008
300 _avi, 102 :
_bilus., cuadros, mapas
502 _aTesis (Ing. en Recursos Naturales Renovables) -- UACH. Departamento de Suelos
590 _aALEPH
_b10
_c20130110
_lUCH01
_h1527
590 _aBATCH-UPD
_b10
_c20130110
_lUCH01
_h0432
590 _aBATCH-UPD
_b10
_c20130410
_lUCH01
_h0108
590 _aBATCH-UPD
_b10
_c20130914
_lUCH01
_h0546
590 _aCONVERSION
_b10
_c20130109
_lUCH01
_h1353
650 1 4 _aBasura
_xReciclaje.
_910760
650 1 4 _aDesperdicios.
_932170
650 1 4 _aDesperdicios
_xEliminación.
_932172
650 1 4 _aMedio ambiente
_xProtección.
_974106
650 1 4 _aResiduos sólidos.
_996119
901 _aBK
942 _cFOLL
949 _aTesis
_bBC
_cTES
_d33724002086157
_eTS1
_gDonaciØn
_h48771
_i107495
_sb
949 _aTesis
_bBC
_cTES
_d33724002086199
_eTS2
_fc.2
_gDonaciØn
_h48772
_i107495
_si
999 _c95866
_d95866